British Columbia handbook / (Record no. 17897)
[ view plain ]
| 000 -LEADER | |
|---|---|
| fixed length control field | 01622cam a2200481Ja 4500 |
| 001 - CONTROL NUMBER | |
| control field | britishcolumbiah00king |
| 003 - CONTROL NUMBER IDENTIFIER | |
| control field | CaSfIA |
| 005 - DATE AND TIME OF LATEST TRANSACTION | |
| control field | 20230525154744.0 |
| 007 - PHYSICAL DESCRIPTION FIXED FIELD--GENERAL INFORMATION | |
| fixed length control field | cr|||| |
| 008 - FIXED-LENGTH DATA ELEMENTS--GENERAL INFORMATION | |
| fixed length control field | 920205s1992 cauab b 001 0 eng |
| 010 ## - LIBRARY OF CONGRESS CONTROL NUMBER | |
| LC control number | 92006035 |
| 040 ## - CATALOGING SOURCE | |
| Original cataloging agency | DLC |
| Transcribing agency | DLC |
| Modifying agency | NLC |
| -- | OCL |
| -- | BTCTA |
| -- | OCLCG |
| -- | YDXCP |
| -- | CaSfIA |
| 016 ## - NATIONAL BIBLIOGRAPHIC AGENCY CONTROL NUMBER | |
| Record control number | 930064992 |
| 019 ## - | |
| -- | 27851595 |
| -- | 232618101 |
| 020 ## - INTERNATIONAL STANDARD BOOK NUMBER | |
| International Standard Book Number | 0918373778 |
| 020 ## - INTERNATIONAL STANDARD BOOK NUMBER | |
| International Standard Book Number | 9780918373779 |
| 035 ## - SYSTEM CONTROL NUMBER | |
| System control number | (OCoLC)25372039 |
| Canceled/invalid control number | (OCoLC)27851595 |
| -- | (OCoLC)232618101 |
| 043 ## - GEOGRAPHIC AREA CODE | |
| Geographic area code | n-cn-bc |
| 050 10 - LIBRARY OF CONGRESS CALL NUMBER | |
| Classification number | F1087 |
| Item number | .K56 1992 |
| 055 #0 - CLASSIFICATION NUMBERS ASSIGNED IN CANADA | |
| Classification number | FC3807 |
| Item number | K56 1992 |
| 082 00 - DEWEY DECIMAL CLASSIFICATION NUMBER | |
| Classification number | 917.1104/4 |
| Edition number | 20 |
| 029 1# - OTHER SYSTEM CONTROL NUMBER (OCLC) | |
| OCLC library identifier | NLC |
| System control number | 930064992 |
| 029 1# - OTHER SYSTEM CONTROL NUMBER (OCLC) | |
| OCLC library identifier | NZ1 |
| System control number | 4144003 |
| 029 1# - OTHER SYSTEM CONTROL NUMBER (OCLC) | |
| OCLC library identifier | AU@ |
| System control number | 000008875584 |
| 029 1# - OTHER SYSTEM CONTROL NUMBER (OCLC) | |
| OCLC library identifier | UNITY |
| System control number | 01057171X |
| 029 1# - OTHER SYSTEM CONTROL NUMBER (OCLC) | |
| OCLC library identifier | WOLVL |
| System control number | 0918373778 |
| 029 1# - OTHER SYSTEM CONTROL NUMBER (OCLC) | |
| OCLC library identifier | UKBCC |
| System control number | 0918373778 |
| 029 1# - OTHER SYSTEM CONTROL NUMBER (OCLC) | |
| OCLC library identifier | UKKCC |
| System control number | 0918373778 |
| 029 1# - OTHER SYSTEM CONTROL NUMBER (OCLC) | |
| OCLC library identifier | UKHRW |
| System control number | 0918373778 |
| 029 1# - OTHER SYSTEM CONTROL NUMBER (OCLC) | |
| OCLC library identifier | UKWIR |
| System control number | 0918373778 |
| 029 1# - OTHER SYSTEM CONTROL NUMBER (OCLC) | |
| OCLC library identifier | GLOCC |
| System control number | 0918373778 |
| 029 1# - OTHER SYSTEM CONTROL NUMBER (OCLC) | |
| OCLC library identifier | UKDGL |
| System control number | 0918373778 |
| 100 1# - MAIN ENTRY--PERSONAL NAME | |
| Personal name | King, Jane, |
| Dates associated with a name | 1956- |
| 245 10 - TITLE STATEMENT | |
| Title | British Columbia handbook / |
| Medium | [electronic resource] |
| Statement of responsibility, etc. | Jane King. |
| 250 ## - EDITION STATEMENT | |
| Edition statement | 2nd ed. |
| 260 ## - PUBLICATION, DISTRIBUTION, ETC. | |
| Place of publication, distribution, etc. | Chico, Calif. : |
| Name of publisher, distributor, etc. | Moon Publications, |
| Date of publication, distribution, etc. | c1992. |
| 300 ## - PHYSICAL DESCRIPTION | |
| Extent | 381 p. : |
| Other physical details | ill. (some col.), maps ; |
| Dimensions | 19 cm. |
| 504 ## - BIBLIOGRAPHY, ETC. NOTE | |
| Bibliography, etc. note | Includes bibliographical references (p. 369-370) and index. |
| 651 #0 - SUBJECT ADDED ENTRY--GEOGRAPHIC NAME | |
| Geographic name | British Columbia |
| Form subdivision | Guidebooks. |
| 651 #6 - SUBJECT ADDED ENTRY--GEOGRAPHIC NAME | |
| Geographic name | Colombie-Britannique |
| General subdivision | Guides. |
| 856 41 - ELECTRONIC LOCATION AND ACCESS | |
| Uniform Resource Identifier | <a href="http://www.archive.org/details/britishcolumbiah00king">http://www.archive.org/details/britishcolumbiah00king</a> |
| Public note | Free eBook from the Internet Archive |
| 856 42 - ELECTRONIC LOCATION AND ACCESS | |
| Uniform Resource Identifier | <a href="http://www.openlibrary.org/books/OL24202340M">http://www.openlibrary.org/books/OL24202340M</a> |
| Public note | Additional information and access via Open Library |
| Withdrawn status | Lost status | Damaged status | Not for loan | Collection | Home library | Current library | Date acquired | Total Checkouts | Date last seen | Price effective from | Koha item type |
|---|---|---|---|---|---|---|---|---|---|---|---|
| Project Gutenberg | Main Library | Main Library | 05/25/2023 | 05/25/2023 | 05/25/2023 | EBooks |